| 000 | 00402nam a2200121Ia 4500 | ||
|---|---|---|---|
| 008 | 171212s9999 xx 000 0 und d | ||
| 020 | _a9781474402255 | ||
| 100 | _aWing, Patrick | ||
| 245 |
_cWing, Patrick _aThe Jalayirids _bDynastic State Formation in the Mongol Middle East |
||
| 260 |
_bEdinburgh University Press _c2016 |
||
| 650 | _aHistory | ||
| 856 | _uhttp://jstor.org/stable/10.3366/j.ctt1bgzbrm | ||
| 999 |
_c351472 _d351472 |
||